| 000 | 00780nam a2200265Ia 4500 | ||
|---|---|---|---|
| 001 | Para_4671 | ||
| 003 | CHAP | ||
| 008 | 220125s1939 xx 000 0 und d | ||
| 010 | _a203112 | ||
| 040 | _cCHAP | ||
| 090 | _aPA FOLLETO 2012 | ||
| 100 |
_aShaw, Luther _9105550 |
||
| 245 |
_aControl of Fusarium wilt of cotton / _c Luther Shaw |
||
| 260 |
_aRaleigh, North Carolina : _b Agricultual Extension Service |
||
| 300 | _a6 p. | ||
| 440 |
_aNorth. Carolina. Agr. Ext. Ser. Ext. Circular; 233 _9168719 |
||
| 650 |
_aAlgodón _x Enfermedades Fusarium lycopersici _9168720 |
||
| 901 | _aPA FOLLETO 2012 | ||
| 902 | _aA | ||
| 905 | _a0000001939 RAL 0000000000 00 | ||
| 910 | _a1939 | ||
| 942 | _cPARA | ||
| 942 |
_cPARA _d1 |
||
| 999 |
_c203112 _d203112 |
||